The lying days / (Record no. 7307)

MARC details
000 -LEADER
fixed length control field 00479aam a2200157 4500
003 - CONTROL NUMBER IDENTIFIER
control field IeDuTC
005 - DATE AND TIME OF LATEST TRANSACTION
control field 20181127185957.0
008 - FIXED-LENGTH DATA ELEMENTS--GENERAL INFORMATION
fixed length control field 030311s2002 enk 000 0 eng
020 ## - INTERNATIONAL STANDARD BOOK NUMBER
International Standard Book Number 9780747559931
Terms of availability
082 04 - DEWEY DECIMAL CLASSIFICATION NUMBER
Classification number 823
Edition number 20
100 1# - MAIN ENTRY--PERSONAL NAME
Personal name Gordimer, Nadine.
245 14 - TITLE STATEMENT
Title The lying days /
Statement of responsibility, etc. Nadine Gordimer.
260 ## - PUBLICATION, DISTRIBUTION, ETC.
Place of publication, distribution, etc. London :
Name of publisher, distributor, etc. Bloomsbury,
Date of publication, distribution, etc. 2002, c1953.
300 ## - PHYSICAL DESCRIPTION
Extent 376 p. ;
Dimensions 20 cm.
500 ## - GENERAL NOTE
General note Originally published: 1953. First published in Great Britain: London: Penguin, 1994.
Holdings
Withdrawn status Lost status Source of classification or shelving scheme Damaged status Not for loan Collection code Home library Current library Shelving location Date acquired Serial Enumeration / chronology Inventory number Total Checkouts Total Renewals Full call number Barcode Date last seen Date last checked out Copy number Price effective from Koha item type
    Dewey Decimal Classification     Main TEST RTC Library RTC Library Main opac 01/03/2021 12486 7 11 823 GOR 30012888 30/04/2024 11/03/2024 1 27/11/2018 Main
    Dewey Decimal Classification     Main TEST RTC Library RTC Library Main opac 01/03/2021 12487 10 11 823 GOR 30012039 15/07/2025 06/03/2025 2 27/11/2018 Main
    Dewey Decimal Classification     Main TEST RTC Library RTC Library Main opac 25/02/2021 12488 11 13 823 GOR 30012116 10/04/2024 26/03/2024 3 27/11/2018 Main
    Dewey Decimal Classification     Main TEST RTC Library RTC Library Main opac 24/02/2021 12489 12 18 823 GOR 30011510 07/04/2024 19/06/2023 4 27/11/2018 Main
Royal Thimphu College || All Right Reserved